000 00378pab a2200145 454500
008 180718b2015 xxu||||| |||| 00| 0 eng d
100 _aBanerjee, Sudipto
245 _aBlack money tax compliance scheme: grey patches remain
260 _c2015
300 _ap.18-21
362 _a5 Sep
650 _aBlack money
773 _aEconomic and Political Weekly
909 _a109169
999 _c109164
_d109164